Factors and issues in the survival and growth of the US machine tool industry : With emphasis on the impact of computer bases automation and forgeign machine tool technology

Guardat en:
Dades bibliogràfiques
Autor principal: Fawcett, Clifford William
Format: Llibre
Idioma:Undetermined
Publicat: Michigan University Microfilms International 1984
Matèries:
Etiquetes: Afegir etiqueta
Sense etiquetes, Sigues el primer a etiquetar aquest registre!
Thư viện lưu trữ: Trung tâm Học liệu Trường Đại học Cần Thơ
LEADER 00657nam a2200181Ia 4500
001 CTU_78114
008 210402s9999 xx 000 0 und d
082 |a 303.483 
082 |b F279 
100 |a Fawcett, Clifford William 
245 0 |a Factors and issues in the survival and growth of the US machine tool industry : 
245 0 |b With emphasis on the impact of computer bases automation and forgeign machine tool technology 
245 0 |c Clifford William Fawcett 
260 |a Michigan 
260 |b University Microfilms International 
260 |c 1984 
650 |a Automation,Social change 
980 |a Trung tâm Học liệu Trường Đại học Cần Thơ